Nan Goldin /

Uloženo v:
Podrobná bibliografie
Hlavní autor: Costa, Guido (Autor)
Médium: Kniha
Jazyk:angličtina
Vydáno: London : Phaidon, 2001
Edice:55
Témata:
Tagy: Přidat tag
Žádné tagy, Buďte první, kdo vytvoří štítek k tomuto záznamu!

MARC

LEADER 00000nam a22000007i 4500
001 IT\ICCU\TO0\0976160
003 ItRI
005 20260115231820.0
008 010809s2001 xxk|||||| ||||| |||||c
020 |a 0714840734 
040 |b ita  |c importazione bologna sebina 
041 7 |a eng  |2 ISO-639-2 
100 1 |a Costa, Guido  |0 IT\ICCU\CFIV\104077  |4 aut 
245 1 0 |a Nan Goldin /  |c Guido Costa. 
260 |a London :  |b Phaidon,  |c 2001 
300 |a 125 p. :  |b ill. ;  |c 16 cm. 
650 7 |a Goldin, Nan 
830 0 |a 55  |0 IT\ICCU\TO0\0976011 
942 |2 ddc  |c BK  |n 0 
952 |0 0  |1 0  |4 0  |6 DOC_779_092000000000000_COS  |7 0  |9 13386  |a BO  |b BO  |d 2026-01-15  |i 13299  |l 0  |o DOC 779.092 COS  |p BO13299  |r 2026-01-15 23:18:20  |w 2026-01-15  |x [Sebina 5] [1 v.]  |y BK  |z 1 v. 
999 |c 11500  |d 11500